Equilibrium Models and Variational Inequalities

Saved in:
Bibliographic Details
Main Author: Konnov, Igor V. (Author)
Format: Book
Language:English
Published: Amsterdam : Elsevier, 2007
Subjects:
Tags: Add Tag
No Tags, Be the first to tag this record!

MARC

LEADER 00000nam a22000003a 4500
001 stu196536
005 20150617230024.1
008 091202s2007----ne------------------eng-d
020 |a 978-0-444-53030-1 
040 |a STU  |b slo 
041 0 |a eng 
044 |a ne 
080 |a 330.36.01 
100 1 |a Konnov, Igor V.  |4 aut 
245 1 |a Equilibrium Models and Variational Inequalities 
260 |a Amsterdam :  |b Elsevier,  |c 2007 
300 |a 235 s 
650 7 |a teória rovnováhy  |2 stusub 
996 |b 284EK88136  |c E*88136  |l EE03  |s P  |a 0  |w stu196536_0001